Religion Quiz

Random Religion or Bible Quiz

Bible Books - New Testament Quiz Stats

 Plays Quiz Updated Mar 28, 2014

Support Sporcle.
Go Orange.
Score 0/27 Timer 08:00
7 Plays Today
Book % Correct
John
98.4%
Luke
97.8%
Matthew
97.4%
Mark
97.3%
Revelation to John
87.9%
Acts
85.4%
Romans
84.4%
1 Corinthians
78.5%
2 Corinthians
78.4%
2 John
73.2%
1 John
73.1%
Ephesians
72.6%
3 John
70.1%
Galatians
68.2%
Book % Correct
1 Peter
66.7%
2 Peter
66.6%
1 Timothy
64.4%
2 Timothy
64.3%
Jude
63.2%
Hebrews
62.7%
Colossians
62.6%
James
62.4%
Philippians
61.6%
1 Thessalonians
59.7%
2 Thessalonians
59.6%
Titus
59.5%
Philemon
54.7%

You're not logged in!

Compare scores with friends on all Sporcle quizzes.
OR
Log In
Forgot?

From the Vault

Rhymes with 'Drink'

by kendaroo

We suggest playing this quiz while sipping hot chocolate.
Remove Ads.
Support Sporcle.
Get the best of Sporcle when you Go Orange. This ad-free experience offers more features, more stats, and more fun while also helping to support Sporcle. Thank you for becoming a member.

Show Comments

Extras

Top Quizzes Today


Score Distribution

Your Account Isn't Verified!

In order to create a playlist on Sporcle, you need to verify the email address you used during registration. Go to your Sporcle Settings to finish the process.

Report this User

Report this user for behavior that violates our Community Guidelines.

Details: